Energy fact sheets (Record no. 108066)
[ view plain ]
| 000 -LEADER | |
|---|---|
| fixed length control field | 01349cad a22002295a 4500 |
| 001 - CONTROL NUMBER | |
| control field | L143119 |
| 008 - FIXED-LENGTH DATA ELEMENTS--GENERAL INFORMATION | |
| fixed length control field | 080408s2008 xxkd f s 000 0 eng d |
| 035 ## - SYSTEM CONTROL NUMBER | |
| System control number | (Sirsi) u143119 |
| 041 0# - LANGUAGE CODE | |
| Language code of text/sound track or separate title | eng |
| 050 04 - LIBRARY OF CONGRESS CALL NUMBER | |
| Classification number | 333.72 $2 18 |
| 110 2# - MAIN ENTRY--CORPORATE NAME | |
| Corporate name or jurisdiction name as entry element | Royal Institution of Chartered Surveyors |
| 9 (RLIN) | 4900 |
| 245 00 - TITLE STATEMENT | |
| Title | Energy fact sheets |
| Medium | [electronic resource] |
| 260 ## - PUBLICATION, DISTRIBUTION, ETC. | |
| Place of publication, distribution, etc. | London |
| Name of publisher, distributor, etc. | RICS |
| Date of publication, distribution, etc. | 2008 |
| 505 2# - FORMATTED CONTENTS NOTE | |
| Formatted contents note | Australia -- China -- India -- New Zealand -- Norway -- Portugal -- Spain -- Sweden -- United Kingdom -- United States |
| 520 ## - SUMMARY, ETC. | |
| Summary, etc. | Each report specifies key trends within the specific country being analysed. Specifies areas of activity which consume the greatest amount of energy. Generation patterns are profiled with specific attention given to future plans for the use of renewable sources and the implementation of energy efficiency measures and legislation. Global trends are outlined in order to place the country within an international context in terms of energy production and consumption. An overview of energy strategies and building regulations is presented. |
| 521 2# - TARGET AUDIENCE NOTE | |
| Target audience note | Advanced |
| 590 ## - LOCAL NOTE (RLIN) | |
| Local note | KA |
| 651 #4 - SUBJECT ADDED ENTRY--GEOGRAPHIC NAME | |
| Geographic name | International |
| 690 ## - LOCAL SUBJECT ADDED ENTRY--TOPICAL TERM (OCLC, RLIN) | |
| Topical term or geographic name as entry element | ENVIRONMENTAL AND LAND CONSULTANCY-ENERGY |
| 856 40 - ELECTRONIC LOCATION AND ACCESS | |
| Uniform Resource Identifier | <a href="https://www.rics.org/site/scripts/documents_info.aspx?documentID=440">https://www.rics.org/site/scripts/documents_info.aspx?documentID=440</a> |
| Public note | View the fact sheets free of charge at www.rics.org... |
| 942 ## - ADDED ENTRY ELEMENTS (KOHA) | |
| Suppress in OPAC | 0 |
| Withdrawn status | Lost status | Source of classification or shelving scheme | Damaged status | Not for loan | Home library | Current library | Shelving location | Date acquired | Total Checkouts | Full call number | Barcode | Date last seen | Copy number | Price effective from | Koha item type |
|---|---|---|---|---|---|---|---|---|---|---|---|---|---|---|---|
| Dewey Decimal Classification | Virtual | Virtual | Online | 08/04/2008 | ONLINE PUBLICATION | 143119-1001 | 06/08/2019 | 1 | 06/08/2019 | Book |